Catalog

Record Details

Catalog Search



Available copies

  • 2 of 2 copies available at LARL/NWRL Consortium.
  • 2 of 2 copies available at Lake Agassiz Regional Library. (Show preferred library)

Current holds

0 current holds with 2 total copies.

Show Only Available Copies
Location Call Number / Copy Notes Barcode Shelving Location Status Due Date
Breckenridge Public Library LARGE PRINT W LEG (Text) 33500014278857 New Available -
Twin Valley LINK Site LARGE PRINT W LEG (Text) 33500014278865 New Available -

Record details

  • ISBN: 9781420527469
  • ISBN: 1420527460
  • Physical Description: 385 pages (large print) ; 23 cm
  • Edition: Large print edition.
  • Publisher: [Thorndike, Maine] : Thorndike Press Large Print, 2025.

Content descriptions

Summary, etc.:
Hawley Cooper swore vengeance on the man who took ... Read More
Subject: Wilderness survival > Fiction.
Revenge > Fiction.
Genre: Western fiction.
Large print books.
LDR 01574cam a2200445 i 4500
001471558
003LARL_NWRL_CONSORTIUM
00520250916200425.0
008250605t20252023meu ed 000 1 eng d
007tb
040 . ‡aIG# ‡beng ‡erda ‡cIG# ‡dPBJ ‡dOCLCO ‡dIUK ‡dFLW
020 . ‡a9781420527469 ‡q(hardcover)
020 . ‡a1420527460 ‡q(hardcover)
035 . ‡a(OCoLC)1522760947
08204. ‡aLP ‡bWES LEG
1001 . ‡aLegg, John, ‡d1949- ‡eauthor. ‡1https://id.oclc.org/worldcat/entity/E39PCjr98J93dHc8WfwfYrX68C ‡0(LARL_NWRL_CONSORTIUM)89469
24510. ‡aTo face a savage land / ‡cJohn Legg.
250 . ‡aLarge print edition.
264 1. ‡a[Thorndike, Maine] : ‡bThorndike Press Large Print, ‡c2025.
264 4. ‡c©2023
300 . ‡a385 pages (large print) ; ‡c23 cm
336 . ‡atext ‡btxt ‡2rdacontent
337 . ‡aunmediated ‡bn ‡2rdamedia
338 . ‡avolume ‡bnc ‡2rdacarrier
340 . ‡nlarge print ‡2rdafs
340 . ‡n16 point
4900 . ‡aSavage land ; ‡v1
520 . ‡aHawley Cooper swore vengeance on the man who took everything he had and left him to die in the wilderness.
650 0. ‡aWilderness survival ‡vFiction. ‡0(LARL_NWRL_CONSORTIUM)167981
650 0. ‡aRevenge ‡vFiction. ‡0(LARL_NWRL_CONSORTIUM)167017
655 7. ‡aWestern fiction. ‡2lcgft
655 7. ‡aLarge print books. ‡2lcgft
901 . ‡a471558 ‡bAUTOGEN ‡c471558 ‡tbiblio

Additional Resources